| 000 | 01011cam a2200421ua 4500 | ||
|---|---|---|---|
| 020 | _c17.50 | ||
| 041 |
_aeng _h |
||
| 082 |
_a512.14 _bJAN/AL |
||
| 100 | _aJanardhanan Pillai, C P . | ||
| 245 |
_aAlgebra calculus and analytic geometry / _cC.P.Janardhanan Pillai. _hTextual Documents |
||
| 250 |
_a4 / _b. |
||
| 260 |
_aOttapalam : _bAjith book centre , _c1985. |
||
| 300 | _a130 ; . | ||
| 365 | _a17.50 | ||
| 504 | _a | ||
| 942 | _cBK | ||
| 999 |
_c3027 _d3027 |
||